| Tag |
First Indicator |
Second Indicator |
Subfields |
| LEADER |
00000cam a2200000 a 4500 |
| 001 |
in00000070809 |
| 005 |
20151008061921.0 |
| 008 |
811217s1981 enk 00011 enge |
| 020 |
|
|
|a 0850312922 :
|c $14.95
|
| 035 |
|
|
|a (OCoLC)08005187
|
| 035 |
|
|
|9 AAJ9125AM
|
| 040 |
|
|
|a DLC
|c FEM
|d FEM
|d TXA
|d UtOrBLW
|
| 049 |
|
|
|a TXAM
|c [1672001]
|
| 050 |
|
0 |
|a PR9272.9
|b .B55 1981
|
| 082 |
0 |
|
|a 823/.9/1
|
| 100 |
1 |
|
|a De Boissière, Ralph.
|
| 245 |
1 |
0 |
|a Crown jewel :
|b a novel /
|c by Ralph de Boissiere.
|
| 264 |
|
1 |
|a London :
|b Allison & Busby,
|c 1981.
|
| 300 |
|
|
|a 360 pages ;
|c 23 cm.
|
| 336 |
|
|
|a text
|b txt
|2 rdacontent
|
| 337 |
|
|
|a unmediated
|b n
|2 rdamedia
|
| 338 |
|
|
|a volume
|b nc
|2 rdacarrier
|
| 999 |
|
|
|a MARS
|
| 999 |
f |
f |
|s 947001c9-4b7c-3f4e-b9ae-3b00a7517464
|i 3c696352-044b-3c7b-babe-638468cce901
|t 0
|
| 952 |
f |
f |
|p normal
|a Texas A&M University
|b College Station
|c Sterling C. Evans Library
|d Evans: Library Stacks
|t 0
|e PR9272.9 .B55 1981
|h Library of Congress classification
|i unmediated -- volume
|m A14806188196
|
| 998 |
f |
f |
|a PR9272.9 .B55 1981
|t 0
|l Evans: Library Stacks
|